[Event "Wch FIDE Online U16 Girls Europe qual"]
[Site "Tornelo INT"]
[Date "2020.12.08"]
[Round "3"]
[White "Kazmerika, Anna"]
[Black "Sitkauskaite, Leva"]
[Result "0-1"]
[WhiteElo "1562"]
[BlackElo "1384"]
[PlyCount "100"]
[EventDate "2020.12.07"]
[EventType "swiss (rapid)"]
[EventRounds "7"]
[EventCountry "ISS"]
[SourceTitle "EXT 2022"]
[Source "ChessBase"]
[SourceDate "2021.10.06"]
[SourceVersion "1"]
[SourceVersionDate "2021.10.06"]
[SourceQuality "1"]

1. d4 Nf6 2. Nf3 e6 3. Bf4 d5 4. e3 c5 5. c3 Nc6 6. Nbd2 a6 7. Bd3 c4 8. Bc2 Bd6 9. Bg3 b6 10. Ne5 Bxe5 11. dxe5 Nd7 12. f4 Bb7 13. 0-0 Qc7 14. e4 Ne7 15. Qe2 b5 16. Rad1 0-0-0 17. Kh1 Nc5 18. exd5 Nxd5 19. Ne4 Nxe4 20. Bxe4 Rd7 21. Rd4 h6 22. Rfd1 Rhd8 23. f5 Kb8 24. Bxd5 Rxd5 25. fxe6 fxe6 26. Qg4 Qc6 27. Bf2 R8d7 28. Kg1 g5 29. Qh3 h5 30. Qg3 g4 31. Be3 h4 32. Qxg4 Rxd4 33. Bxd4 Qd5 34. Rd2 Qe4 35. Qxe4 Bxe4 36. Ba7+ Rxa7 37. Rd4 Bd5 38. Rxh4 Rg7 39. g3 Rg5 40. Kf2 Rxe5 41. Rd4 Rf5+ 42. Ke2 Rh5 43. h4 Rh7 44. Ke3 Kc7 45. Kf4 Kd6 46. Ke3 Rg7 47. g4 e5 48. Re4 Bxe4 49. Kxe4 Rxg4+ 50. Kf5 Rxh4 0-1

[Event "Wch FIDE Online U16 Girls Europe qual"]
[Site "Tornelo INT"]
[Date "2020.12.07"]
[Round "2"]
[White "Zeliantsova, Kseniya"]
[Black "Kazmerika, Anna"]
[Result "1-0"]
[WhiteElo "1900"]
[BlackElo "1562"]
[PlyCount "125"]
[EventDate "2020.12.07"]
[EventType "swiss (rapid)"]
[EventRounds "7"]
[EventCountry "ISS"]
[SourceTitle "EXT 2022"]
[Source "ChessBase"]
[SourceDate "2021.10.06"]
[SourceVersion "1"]
[SourceVersionDate "2021.10.06"]
[SourceQuality "1"]

1. e4 e5 2. Nf3 Nc6 3. Bb5 Nf6 4. d3 Bc5 5. 0-0 Nd4 6. Nxd4 Bxd4 7. c3 Bb6 8. Nd2 c6 9. Ba4 0-0 10. Bc2 Bc7 11. Nf3 d5 12. Qe2 Re8 13. h3 h6 14. Bd2 dxe4 15. dxe4 Be6 16. Rad1 Qe7 17. Nh4 Rad8 18. Qf3 Nd7 19. Qg3 Kh8 20. Be3 Bb6 21. Bb3 Bxb3 22. axb3 Qf6 23. Nf5 Nc5 24. Bxc5 Bxc5 25. b4 Bf8 26. Qe3 b6 27. Qe2 Kh7 28. Ne3 Rxd1 29. Rxd1 Rd8 30. Ng4 Rxd1+ 31. Qxd1 Qe7 32. Qa4 Qc7 33. Qb3 Kh8 34. Qc4 Bd6 35. Ne3 Kg8 36. Nf5 b5 37. Qd3 Bf8 38. Qg3 Kh8 39. Qe3 Kg8 40. Qd3 a5 41. bxa5 Qxa5 42. b4 Qc7 43. Ne3 Kh7 44. Ng4 Kg8 45. Qd2 Bd6 46. Ne3 Bf8 47. Nf5 Kh8 48. Qa2 Kg8 49. Qa8 c5 50. Kh2 cxb4 51. cxb4 Qd7 52. Qb8 g6 53. Nxh6+ Kg7 54. Ng4 Bd6 55. Qb6 Qe6 56. Qxb5 Qe7 57. Qc4 Bxb4 58. Qc1 Bd6 59. Qh6+ Kg8 60. Ne3 Qf8 61. Qg5 Qe7 62. Qg3 Kg7 63. Nf5+ 1-0

[Event "LAT-ch (Women)"]
[Site "Riga"]
[Date "2020.08.26"]
[Round "4"]
[White "Maklakova, Nellija"]
[Black "Kazmerika, Anna"]
[Result "0-1"]
[WhiteElo "1833"]
[BlackElo "1615"]
[PlyCount "104"]
[EventDate "2020.08.24"]
[EventType "swiss"]
[EventRounds "9"]
[EventCountry "LAT"]
[SourceTitle "CBM 198 Extra"]
[Source "ChessBase"]
[SourceDate "2020.11.30"]
[SourceVersion "1"]
[SourceVersionDate "2020.11.30"]
[SourceQuality "1"]

1. e4 e5 2. Nf3 Nc6 3. Bb5 Nf6 4. 0-0 Nxe4 5. Bxc6 dxc6 6. Re1 Nd6 7. Nxe5 Be7 8. Nc3 0-0 9. d4 Be6 10. Ne2 Nf5 11. c4 Bb4 12. Rf1 f6 13. Nd3 Be7 14. d5 cxd5 15. Ndf4 Bf7 16. cxd5 Qc8 17. g4 Nd6 18. Nd4 c6 19. dxc6 bxc6 20. Qf3 c5 21. Nc6 Re8 22. Bd2 Nc4 23. Bc3 Bd6 24. Nd5 Ne5 25. Nxe5 Bxe5 26. Bxe5 Rxe5 27. Ne3 Rb8 28. b3 Rb4 29. h3 h5 30. Rfd1 hxg4 31. hxg4 Be6 32. Rd6 Bxg4 33. Qc6 Qxc6 34. Rxc6 Be2 35. Rc8+ Kh7 36. Nc4 Rg5+ 37. Kh2 Bxc4 38. bxc4 Rxc4 39. Kh3 Rcg4 40. Rxc5 Rxc5 41. Kxg4 Rc2 42. f4 g6 43. a4 Rc4 44. Kf3 a5 45. Ke3 Kg7 46. Ra2 Kf7 47. Ra1 Ke6 48. Ra2 Kf5 49. Rd2 Rxa4 50. Rd5+ Kg4 51. Rd6 Rxf4 52. Ra6 a4 0-1

[Event "EU-ch U16 Girls"]
[Site "Bratislava"]
[Date "2019.08.07"]
[Round "6"]
[White "Mihailova, Alina"]
[Black "Kazmerika, Anna"]
[Result "1-0"]
[WhiteElo "1777"]
[BlackElo "1527"]
[PlyCount "111"]
[EventDate "2019.08.02"]
[EventType "swiss"]
[EventRounds "9"]
[EventCountry "SVK"]
[SourceTitle "CBM 191 Extra"]
[Source "ChessBase"]
[SourceDate "2019.09.30"]
[SourceVersion "1"]
[SourceVersionDate "2019.09.30"]
[SourceQuality "1"]

1. d4 Nf6 2. c4 e6 3. Nf3 d5 4. g3 Be7 5. Bg2 0-0 6. 0-0 b6 7. cxd5 exd5 8. Nc3 Be6 9. Bf4 a6 10. Rc1 c5 11. dxc5 bxc5 12. Ne5 Ra7 13. Na4 Qa5 14. Bd2 Qb5 15. b3 Rc7 16. Nc3 Qb7 17. Qc2 Qa7 18. Rfd1 Rd8 19. Na4 Rcc8 20. Ba5 Re8 21. Bb6 Qb7 22. Bxc5 Bxc5 23. Nxc5 Qb6 24. Ned3 h6 25. Qb2 Bg4 26. Re1 Nc6 27. h3 Bf5 28. Nf4 Ne7 29. Na4 Qa7 30. Rxc8 Rxc8 31. Rc1 Rxc1+ 32. Qxc1 Ne4 33. e3 Qd7 34. g4 Bg6 35. Ne2 f5 36. f3 Nd6 37. Qc5 fxg4 38. fxg4 Ne4 39. Qd4 Nc6 40. Qd1 Ne7 41. Nac3 Nf6 42. Nf4 Bf7 43. Qd3 Qc6 44. Bf1 Qc7 45. Bg2 Qc6 46. Bf3 g5 47. Nfe2 Ng6 48. Nd4 Qb7 49. Nf5 Kh7 50. Nd6 Qc7 51. Nxf7 Qxf7 52. Nxd5 Nxd5 53. Bxd5 Qc7 54. Kg2 Qb6 55. Be4 Qe6 56. Bxg6+ 1-0

[Event "EU-ch U16 Girls"]
[Site "Bratislava"]
[Date "2019.08.05"]
[Round "4"]
[White "Kazmerika, Anna"]
[Black "Fock, Amina"]
[Result "1-0"]
[WhiteElo "1527"]
[BlackElo "1817"]
[PlyCount "61"]
[EventDate "2019.08.02"]
[EventType "swiss"]
[EventRounds "9"]
[EventCountry "SVK"]
[SourceTitle "CBM 191 Extra"]
[Source "ChessBase"]
[SourceDate "2019.09.30"]
[SourceVersion "1"]
[SourceVersionDate "2019.09.30"]
[SourceQuality "1"]

1. d4 Nf6 2. Bf4 d5 3. Nf3 c5 4. e3 Nc6 5. c3 e6 6. Nbd2 cxd4 7. exd4 Nh5 8. Bg5 f6 9. Bh4 Bd6 10. Bb5 Nf4 11. 0-0 g5 12. Bg3 h5 13. h4 g4 14. Ne1 Bd7 15. Nd3 Qc7 16. Nc5 b6 17. Nxd7 Kxd7 18. c4 a6 19. cxd5 exd5 20. Bxc6+ Qxc6 21. Rc1 Qb5 22. Bxf4 Bxf4 23. Qc2 Bxd2 24. Qxd2 Rac8 25. Qf4 Rc6 26. Rxc6 Qxc6 27. Rc1 Qd6 28. Qf5+ Ke7 29. Qg6 Kd8 30. Qg7 Re8 31. Qb7 1-0

[Event "EU-ch U16 Girls"]
[Site "Bratislava"]
[Date "2019.08.04"]
[Round "3"]
[White "Warnaar, Alisha"]
[Black "Kazmerika, Anna"]
[Result "1-0"]
[WhiteElo "1920"]
[BlackElo "1527"]
[PlyCount "95"]
[EventDate "2019.08.02"]
[EventType "swiss"]
[EventRounds "9"]
[EventCountry "SVK"]
[SourceTitle "CBM 191 Extra"]
[Source "ChessBase"]
[SourceDate "2019.09.30"]
[SourceVersion "1"]
[SourceVersionDate "2019.09.30"]
[SourceQuality "1"]

1. e4 e5 2. Nf3 Nc6 3. Bb5 Nf6 4. 0-0 Nxe4 5. Re1 Nd6 6. Nxe5 Nxe5 7. Rxe5+ Be7 8. Bf1 0-0 9. Nc3 Bf6 10. Re1 Nf5 11. Nd5 d6 12. Nxf6+ Qxf6 13. c3 c5 14. Qf3 Qd8 15. d3 Rb8 16. Bf4 Be6 17. g3 Qb6 18. Bh3 Rbd8 19. Bg5 Nd4 20. cxd4 Bxh3 21. Bxd8 Qxd8 22. dxc5 dxc5 23. Re3 Qd4 24. Qxb7 h6 25. Rc1 Rd8 26. Qb5 Qd5 27. f3 Qxa2 28. Re8+ Rxe8 29. Qxe8+ Kh7 30. Qe2 Bf5 31. g4 Bg6 32. h4 h5 33. g5 Qb3 34. Rc3 Qb4 35. Qf2 Qa4 36. Kg2 Qa1 37. Kg3 Qa6 38. Qxc5 Bxd3 39. Qc6 Qxc6 40. Rxc6 a6 41. Kf4 g6 42. Ke5 Kg7 43. b4 Be2 44. Rf6 Bb5 45. Kd5 Be2 46. Kc5 Bb5 47. Kb6 Bc4 48. Ka7 1-0

[Event "EU-ch U16 Girls"]
[Site "Bratislava"]
[Date "2019.08.03"]
[Round "2"]
[White "Mikic, Ivana"]
[Black "Kazmerika, Anna"]
[Result "1-0"]
[WhiteElo "1882"]
[BlackElo "1527"]
[PlyCount "103"]
[EventDate "2019.08.02"]
[EventType "swiss"]
[EventRounds "9"]
[EventCountry "SVK"]
[SourceTitle "CBM 191 Extra"]
[Source "ChessBase"]
[SourceDate "2019.09.30"]
[SourceVersion "1"]
[SourceVersionDate "2019.09.30"]
[SourceQuality "1"]

1. e4 e5 2. Nf3 Nc6 3. Bb5 Nf6 4. d3 Bc5 5. 0-0 Nd4 6. Bc4 b5 7. Nxd4 bxc4 8. Nf5 0-0 9. Qf3 cxd3 10. cxd3 d6 11. Nc3 Bxf5 12. Qxf5 h6 13. Kh1 Qc8 14. Qxc8 Raxc8 15. h3 Nh5 16. Nd5 Rfe8 17. Rb1 c6 18. Nc3 Rb8 19. Ne2 Nf6 20. f4 Red8 21. Bd2 Bb4 22. Be3 Rb7 23. g4 Nd7 24. Rfc1 c5 25. Kg2 Kf8 26. f5 f6 27. h4 Ke7 28. Ng3 Rdb8 29. Rh1 Rh8 30. Nh5 Kf7 31. b3 Rbb8 32. Kf3 a6 33. Rbg1 Rbg8 34. Bc1 Bc3 35. g5 hxg5 36. hxg5 g6 37. Ng3 Bd4 38. Rxh8 Rxh8 39. Rh1 Rxh1 40. Nxh1 Nb8 41. gxf6 Kxf6 42. Ng3 gxf5 43. exf5 Nc6 44. Bd2 Ne7 45. Kg4 Nd5 46. Ne4+ Kg7 47. Nxd6 Nf6+ 48. Kf3 Nd7 49. Bg5 Bc3 50. Ne4 Bd4 51. Kg4 a5 52. Bd2 1-0

[Event "LAT-ch (Women)"]
[Site "Riga"]
[Date "2019.05.02"]
[Round "4"]
[White "Osobskaja, Zinaida"]
[Black "Kazmerika, Anna"]
[Result "1/2-1/2"]
[WhiteElo "1696"]
[BlackElo "1460"]
[PlyCount "94"]
[EventDate "2019.04.29"]
[EventType "swiss"]
[EventRounds "7"]
[EventCountry "LAT"]
[SourceTitle "CBM 190 Extra"]
[Source "ChessBase"]
[SourceDate "2019.07.15"]
[SourceVersion "1"]
[SourceVersionDate "2019.07.15"]
[SourceQuality "1"]

1. d4 Nf6 2. c4 e6 3. Nf3 d5 4. Bf4 Be7 5. h3 b6 6. e3 Bb7 7. Nbd2 Nbd7 8. Bd3 h6 9. Rc1 0-0 10. 0-0 c5 11. dxc5 Nxc5 12. Bb1 Rc8 13. cxd5 Nxd5 14. Bg3 Nb4 15. Rc4 a5 16. a3 Nc6 17. b4 axb4 18. axb4 Nd7 19. Qc2 Nf6 20. b5 Nb4 21. Rxc8 Qxc8 22. Qc7 Nfd5 23. Qe5 Nc3 24. Kh2 Nxb1 25. Rxb1 Bf6 26. Qc7 Nd5 27. Qd6 Rd8 28. Qa3 Nc3 29. Rb3 Bd5 30. Rb2 Ne4 31. Rb1 Nxg3 32. fxg3 Bxf3 33. Nxf3 Qb7 34. Qb4 Be7 35. Qg4 Rd5 36. e4 Rc5 37. Nd4 Bf6 38. Nc6 Qc7 39. Qf4 Be5 40. Nxe5 Qxe5 41. Qxe5 Rxe5 42. Rb4 Kf8 43. g4 Ke7 44. Kg3 g5 45. Kf3 Kd6 46. Rd4+ Ke7 47. Rb4 Kd6 1/2-1/2